ბათუმის შოთა რუსთაველის სახელმწიფო უნივერსიტეტის ბიბლიოთეკა

The Modern Murasaki: (ბიბ.ჩანაწერი № 64000)

000 -LEADER
fixed length control field 00800nam a22001937a 4500
005 - DATE AND TIME OF LATEST TRANSACTION
control field 20260306120740.0
008 - FIXED-LENGTH DATA ELEMENTS--GENERAL INFORMATION
fixed length control field 260306s2006 enk||||| |||| 00| 0 eng d
020 ## - INTERNATIONAL STANDARD BOOK NUMBER
International Standard Book Number 9780231137751x
041 ## - LANGUAGE CODE
Language code of text/sound track or separate title eng
080 ## - UNIVERSAL DECIMAL CLASSIFICATION NUMBER
Universal Decimal Classification number 821(520) The 44
245 ## - TITLE STATEMENT
Title The Modern Murasaki:
Remainder of title Writing by Women of Meiji Japan /
Statement of responsibility, etc. Edited by Rebecca Copeland, Melek Ortabasi.
264 ## - PRODUCTION, PUBLICATION, DISTRIBUTION, MANUFACTURE, AND COPYRIGHT NOTICE
Place of production, publication, distribution, manufacture New York :
Name of producer, publisher, distributor, manufacturer ‎Columbia University Press,
Date of production, publication, distribution, manufacture, or copyright notice 2006.
300 ## - PHYSICAL DESCRIPTION
Extent 404 p.:
Other physical details ill.;
Dimensions 23 cm.
653 ## - INDEX TERM--UNCONTROLLED
keyword თანამედროვე მურასაკი
653 ## - INDEX TERM--UNCONTROLLED
keyword მეიჯის იაპონელი ქალების ნაწერები
700 ## - ADDED ENTRY--PERSONAL NAME
Personal name Copeland, Rebecca
Relator term რედაქტორი
9 (RLIN) 27069
700 ## - ADDED ENTRY--PERSONAL NAME
Personal name Ortabasi, Melek
Dates associated with a name რედაქტორი
9 (RLIN) 27070
942 ## - ADDED ENTRY ELEMENTS (KOHA)
Source of classification or shelving scheme
Koha item type წიგნი
ეგზემპლარები
Withdrawn status Lost status Source of classification or shelving scheme Damaged status Not for loan Permanent Location Current Location Shelving location Date acquired Cost, normal purchase price Full call number Barcode Date last seen Copy number Uniform Resource Identifier Price effective from Koha item type Public note
          ბათუმის შოთა რუსთაველის სახელმწიფო უნივერსიტეტის მთავარი ბიბლიოთეკა ბათუმის შოთა რუსთაველის სახელმწიფო უნივერსიტეტის მთავარი ბიბლიოთეკა წიგნსაცავი 2026-03-06 12.00 821(520) The 44 73880 2026-03-06 73880 იაპონიის ელჩის საჩუქარი 2026-03-06 წიგნი 12 ლ.